Statistics for 中華民國行政區劃

Click here to take the quiz!

General Stats

  • This quiz has been taken 50 times
  • The average score is 25 of 38

Answers on the Map

Answers color-coded by a green-red scale on the quiz's map according to % correct below.
 

Answer Stats

行政區% Correct
新疆省
95%
河北省
95%
山西省
93%
蒙古地方
90%
西藏地方
90%
浙江省
90%
江西省
90%
湖南省
90%
河南省
90%
福建省
90%
青海省
88%
安徽省
88%
湖北省
88%
四川省
85%
西康省
75%
吉林省
73%
海南特別行政區
63%
臺灣省
63%
廣東省
60%
山東省
60%
黑龍江省
60%
廣西省
60%
江蘇省
58%
陝西省
58%
雲南省
58%
熱河省
55%
貴州省
55%
甘肅省
55%
察哈爾省
53%
遼寧省
53%
寧夏省
50%
松江省
45%
綏遠省
43%
興安省
35%
安東省
30%
合江省
28%
嫩江省
28%
遼北省
23%

Score Distribution

Percentile by Number Answered

Percent of People with Each Score

Your Score History

You have not taken this quiz